THE NEW AMERICAN DRAMA (Record no. 367194)

MARC details
000 -LEADER
fixed length control field 00406nam a2200169Ia 4500
008 - FIXED-LENGTH DATA ELEMENTS--GENERAL INFORMATION
fixed length control field 100122s9999 xx 000 0 und d
082 ## - DEWEY DECIMAL CLASSIFICATION NUMBER
Item number 23560
Classification number 822
100 ## - MAIN ENTRY--PERSONAL NAME
Personal name RICHARDSON
245 ## - TITLE STATEMENT
Title THE NEW AMERICAN DRAMA
260 ## - PUBLICATION, DISTRIBUTION, ETC. (IMPRINT)
Name of publisher, distributor, etc PENGUIN BOOKS
Date of publication, distribution, etc 1966
300 ## - PHYSICAL DESCRIPTION
Extent 203
630 ## - SUBJECT ADDED ENTRY--UNIFORM TITLE
Uniform title THE NEW AMERICAN DRAMA
700 ## - ADDED ENTRY--PERSONAL NAME
Personal name MILLER
700 ## - ADDED ENTRY--PERSONAL NAME
Personal name SEHISGAL
730 ## - ADDED ENTRY--UNIFORM TITLE
Uniform title THE NEW AMERICAN DRAMA
942 ## - ADDED ENTRY ELEMENTS (KOHA)
Koha item type Book
Holdings
Withdrawn status Lost status Damaged status Not for loan Home library Current library Date acquired Cost, normal purchase price Total Checkouts Full call number Barcode Date last seen Cost, replacement price Price effective from Koha item type Public note
        S.V. Pathak Library, Vile Parle S.V. Pathak Library, Vile Parle 05/12/1976 7.00   23560 SVPPARLE-23560 01/25/2010 7.00 01/25/2010 Book "BUNDLE- Q, , General, NA"